000 01968nam0a2200349 4500
001 RU\NLR\BIBL_A\022379040
005 20250314153144.0
010 _a978-5-94984-908-8
_9300
021 _aRU
_bКН-П-24-056255
_9КН-П-24-5605
035 _a(NLR Aleph) 022379040
090 _a13329643
_c13329643
100 _a20241111d2024 k y0rusy50 ca
101 0 _arus
102 _aRU
105 _aa j 000yy
181 0 _ai
_baxxe
182 0 _an
200 1 _aТеория и конструкция машин и оборудования. Известерегенерационные печи
_eучебное пособие
_fВ.П. Сиваков, С.Н. Исаков, А.В. Вураско
_gМинистерство науки и высшего образования Российской Федерации, Федеральное государственное бюджетное образовательное учреждение высшего образования "Уральский государственный лесотехнический университет" (УГЛТУ)
203 _aТекст
_bвизуальный
_cнепосредственный
210 _aЕкатеринбург
_cУГЛТУ
_d2024
215 _a119 с.
_cил.
_d20
320 _aБиблиогр.: с. 118-119 (19 назв.)
517 1 _aИзвестерегенерационные печи
606 1 _aИзвестерегенерационные печи
_jУчебные издания для высших учебных заведений
_92587039
_3RU\NLR\AUTH\661529054
686 1 _aЛ774.302.292-5я73-1
700 1 _aСиваков
_bВ. П.
_gВалерий Павлович
701 1 _aИсаков
_bС. Н.
_gСергей Николаевич
701 1 _aВураско
_bА. В.
_gАлеся Валерьевна
942 _cBOOK
980 _aNB